000 00519nam a2200193Ia 4500
003 OSt
005 20250205142610.0
008 210210b1981 xxu||||| |||| 00| 0 eng d
040 _cAL
041 _aKannada
082 _aK894.3 BICK
100 _aBICHI.
_9131419
_dಬೀಚಿ.
245 _aKamalammana kunkuma bala.
_bಕಮಲಮ್ಮನ ಕುಂಕುಮ ಬಲ
260 _aBengaluru
_bPrakasha Sahitya
_c1981
300 _a147
690 _aKannada Fiction
_9131420
906 _a036079
942 _2ddc
_cBK
999 _c86481
_d86481